| 000 | 00611nam a2200169 4500 | ||
|---|---|---|---|
| 001 | 109872 | ||
| 003 | ES-MaACL | ||
| 007 | t| | ||
| 008 | 061121s1955 sp r ||||1| spa d | ||
| 100 | 1 |
_aOberg, Erik. _986384 |
|
| 245 | 1 | 0 |
_aManual universal de la técnica mecánica para el taller y la oficina técnica / _cErik Oberg, F.D. Jones; traducción de la 14ª edición norteamericana por Pedro Danés Cazabosch. |
| 260 |
_aBarcelona : _bLabor, _c1955. |
||
| 300 |
_a2t. : _bil. ; _c20 cm. |
||
| 700 | 1 |
_aJones, J.D. _966853 |
|
| 700 | 1 |
_aDanés Casabosch, Pedro. _942611 |
|
| 852 |
_aES-MaACL _jC-9148-9 _bR.37267 |
||
| 999 |
_c109872 _d109872 |
||